| 000 | 00342nam a22001457a 4500 | ||
|---|---|---|---|
| 020 | _a0-439-99498-5 | ||
| 082 |
_a823 _bCOL/P |
||
| 100 | _aCOLEMAN, MICHEL | ||
| 245 |
_aPHENOMENAL F.A. CUP _bFOUL FOOTBALL |
||
| 260 |
_aNEW DELHI _bSCHOLASTIC LTD _c2001 |
||
| 300 | _a127 | ||
| 520 | _aFOOTBALL STORY | ||
| 650 | _aFOOTBALL STORY | ||
| 942 | _cBK | ||
| 999 |
_c5765 _d5765 |
||